Normal view
MARC view
- Friederichs, Katrin,
Entry Personal Name
001 - CONTROL NUMBER
- control field: 120654
003 - CONTROL NUMBER IDENTIFIER
- control field: NUST
005 - DATE AND TIME OF LATEST TRANSACTION
- control field: 20240216112310.0
008 - FIXED-LENGTH DATA ELEMENTS
- fixed length control field: 240216|| aca||aabn | a|a d
040 ## - CATALOGING SOURCE
- Original cataloging agency: NUST
- Transcribing agency: NUST
100 ## - HEADING--PERSONAL NAME
- Personal name: Friederichs, Katrin,
- Dates associated with a name: 1971-
670 ## - SOURCE DATA FOUND
- Source citation: Work cat.: (NUST): Woschek, Heinz-Gert, author. 120650, Wine + space :, 2015.
